<?xml version="1.0" encoding="UTF-8"?>
<record
    xmlns:xsi="http://www.w3.org/2001/XMLSchema-instance"
    xsi:schemaLocation="http://www.loc.gov/MARC21/slim http://www.loc.gov/standards/marcxml/schema/MARC21slim.xsd"
    xmlns="http://www.loc.gov/MARC21/slim">

  <leader>02352cam a2200289   4500500</leader>
  <controlfield tag="005">20260329004652.0</controlfield>
  <datafield tag="041" ind1=" " ind2=" ">
    <subfield code="a">fre</subfield>
  </datafield>
  <datafield tag="042" ind1=" " ind2=" ">
    <subfield code="a">dc</subfield>
  </datafield>
  <datafield tag="100" ind1="1" ind2="0">
    <subfield code="a">Milanovic, Fabien</subfield>
    <subfield code="e">author</subfield>
  </datafield>
  <datafield tag="700" ind1="1" ind2="0">
    <subfield code="a">Merleau-Ponty, No&#xE9;mie</subfield>
    <subfield code="e">author</subfield>
  </datafield>
  <datafield tag="700" ind1="1" ind2="0">
    <subfield code="a">Pitrou, Perig</subfield>
    <subfield code="e">author</subfield>
  </datafield>
  <datafield tag="245" ind1="0" ind2="0">
    <subfield code="a">Biobanques&#xA0;: quelles reconfigurations pour le vivant&#xA0;? Approches interdisciplinaires</subfield>
  </datafield>
  <datafield tag="260" ind1=" " ind2=" ">
    <subfield code="c">2017.
							</subfield>
  </datafield>
  <datafield tag="500" ind1=" " ind2=" ">
    <subfield code="a">55</subfield>
  </datafield>
  <datafield tag="520" ind1=" " ind2=" ">
    <subfield code="a">Dans le cadre des activit&#xE9;s de la p&#xE9;pini&#xE8;re interdisciplinaire CNRS-PSL &#xAB;&#xA0;Domestication et fabrication du vivant&#xA0;&#xBB;, le colloque international &#xAB;&#xA0;Biobanques&#xA0;: quelles reconfigurations pour le vivant&#xA0;?&#xA0;&#xBB; a &#xE9;t&#xE9; organis&#xE9; pour engager une r&#xE9;flexion collective autour des biobanques. En r&#xE9;unissant des chercheurs provenant des sciences de la vie (biologie, m&#xE9;decine) et des sciences humaines et sociales (anthropologie, sociologie), l&#x2019;objectif &#xE9;tait de se pencher sur la diversit&#xE9; des op&#xE9;rations de transformation du vivant que ces nouvelles institutions produisent dans le domaine m&#xE9;dical, comme dans les pratiques impliquant des animaux, des v&#xE9;g&#xE9;taux ou des microorganismes.</subfield>
  </datafield>
  <datafield tag="520" ind1=" " ind2=" ">
    <subfield code="a">Biobanking: reconfiguration of living matter, what issues? Interdisciplinary approachesIn the framework of the interdisciplinary research program &#x201C;Domestication and Fabrication of the Living&#x201D; (CNRS-PSL), the international conference &#x201C;Biobanking&#xA0;: reconfiguration of living matter, what issues&#xA0;?&#x201D; was organized to engage a collective reflection on the topic of biobanking. This conference brought together scientists (biology, medicine) and researchers from the Humanities and the Social Sciences (anthropology, sociology) in order to explore the diversity of operations designed to transform living material developed by these new institutions, in the field of human medicine, as well as in practices involving animals, plants or micro-organisms.</subfield>
  </datafield>
  <datafield tag="690" ind1=" " ind2=" ">
    <subfield code="a">anthropologie de la vie</subfield>
  </datafield>
  <datafield tag="690" ind1=" " ind2=" ">
    <subfield code="a">biobanque</subfield>
  </datafield>
  <datafield tag="690" ind1=" " ind2=" ">
    <subfield code="a">biotechnologie</subfield>
  </datafield>
  <datafield tag="690" ind1=" " ind2=" ">
    <subfield code="a">processus vitaux</subfield>
  </datafield>
  <datafield tag="690" ind1=" " ind2=" ">
    <subfield code="a">anthropology of life</subfield>
  </datafield>
  <datafield tag="690" ind1=" " ind2=" ">
    <subfield code="a">biobank</subfield>
  </datafield>
  <datafield tag="690" ind1=" " ind2=" ">
    <subfield code="a">biotechnology</subfield>
  </datafield>
  <datafield tag="690" ind1=" " ind2=" ">
    <subfield code="a">vital processes</subfield>
  </datafield>
  <datafield tag="786" ind1="0" ind2=" ">
    <subfield code="n">Natures Sciences Soci&#xE9;t&#xE9;s | 25 | 3 | 2017-11-15 | p. 268-275 | 1240-1307</subfield>
  </datafield>
  <datafield tag="856" ind1="4" ind2="1">
    <subfield code="u">https://stm.cairn.info/revue-natures-sciences-societes-2017-3-page-268?lang=fr&amp;redirect-ssocas=7080</subfield>
  </datafield>
  <datafield tag="999" ind1=" " ind2=" ">
    <subfield code="c">1836124</subfield>
    <subfield code="d">1836124</subfield>
  </datafield>
</record>
